000 00708cab a2200241 4500
001 WB3501-59
008 090401t1999 xxu||||| |||| 00| 0 eng d
035 _a(Sirsi) u90536
041 _aeng
245 _aBonn keen to cut farm spending
260 _c1999
350 _a0
490 _aFinancial Times
_v2 January 1999, 3(1)
520 _aAs part of their EU presidency, the Germans are keen to restructure EU finances, a key part of which is the reform of the common agricultural policy.
650 _aAGENDA 2000
650 _aCOMMON AGRICULTURAL POLICY
650 _aEU
650 _aFARM SUBSIDIES
650 _aFARMING
690 _aRURAL PRACTICE
942 _n0
948 _c06/01/1999
999 _c57408
_d57408